|
|
|
|
| LEADER |
00887nam a22002412a 4500 |
| 001 |
000409645 |
| 003 |
CZ BrMZK |
| 005 |
20150828082900.0 |
| 007 |
ta |
| 008 |
990305s1953 ru f f rus d |
| 040 |
|
|
|a BOA001
|b cze
|
| 041 |
1 |
|
|a rus
|h fre
|
| 100 |
1 |
|
|a Descartes, René,
|d 1596-1650
|7 jn19990001725
|4 aut
|
| 245 |
1 |
0 |
|a Rassuždenije o metode s priloženijami dioptrika, meteory, geometrija /
|c René Descartes ; red., stat'ji i kommentarii G.G. Sljusareva i A.P. Juškeviča
|
| 260 |
|
|
|a Leningrad :
|b Akademija nauk SSSR,
|c 1953
|
| 300 |
|
|
|a 656 s., příl.
|
| 500 |
|
|
|a Přeloženo z francouzštiny
|
| 700 |
1 |
|
|a Sljusarev, G. G.
|4 edt
|
| 700 |
1 |
|
|a Juškevič, Adolf Pavlovič,
|d 1906-1993
|7 jx20050407030
|4 edt
|
| 910 |
|
|
|a BOA001
|b 2-0313.344
|
| 990 |
|
|
|a BK
|
| 991 |
|
|
|b 201502
|
| 996 |
7 |
|
|b 2619773520
|c 2-0313.344
|l MZK
|r Sklad / do 24 hodin
|n 4
|w 000409645
|u 000010
|a 1
|e BOA001
|j MZK50
|s A
|